=LDR 00000nam 2200000 4500 =001 INLIS000000000042037 =005 20130612151533 =008 ***********************************ind** =035 ##$$a0010-061300000042037 =041 ##$$a ind =082 ##$$a 297.261 =090 ##$$a 297.261, Raf p =100 ##$$a Rafy Sapun =245 ##$$a Psikologi islam tuntunan jiwa manusia modern, Rafy sapun =260 ##$$a 2009 $b Jakarta =300 ##$$a Xiii,454 hlm., 21 cm =650 ##$$a PSIKOLOGI ISLAM =850 ##$$a NBPNMAT =990 ##$$a 0001/BPAP-NTB/20142014